000 00469nam a22001217a 4500
082 _a220 PRO
100 _aMian Junaid ur Rehman maqsood Hassan Kamran Snawar Hussain Affan Riaz
_971490
245 _aPR-SOF-1788-DEVELOPMENT OF A LOW-COST TELE-OPERATED SPRAYER DRONE FOR PRECISION AGRICULTURE
260 _aISLAMABAD
_bNUST COLLEGE OF EME
_c2019
650 _a DE-MTS-37 DECLASS
_971491
700 _a Supervisors Dr. Danish Hussain Dr. Waqar Shahid
_971492
942 _cCR
999 _c577981
_d577981